| 000 | 00370nam a2200145Ia 4500 | ||
|---|---|---|---|
| 008 | 240624s9999 xx 000 0 und d | ||
| 041 | _aeng | ||
| 082 | _a320 ICS | ||
| 100 | _aVANAIK ACHIN | ||
| 245 | _aPOLITICAL SCIENCE ICSSR RESEARCH SURVEYS | ||
| 260 |
_c2014 _aNew Delhi _bOxford India |
||
| 300 | _axxxix, : 175 : p. : cm. ; 24 | ||
| 365 |
_cRS _b31 |
||
| 440 | _v2 | ||
| 999 |
_c23402 _d23402 |
||